Between the empires (Record no. 7079)

MARC details
000 -LEADER
fixed length control field 00815 a2200205 4500
005 - DATE AND TIME OF LATEST TRANSACTION
control field 20080924110233.0
008 - FIXED-LENGTH DATA ELEMENTS--GENERAL INFORMATION
fixed length control field 080924t xxu||||| |||| 00| 0 eng d
010 ## - LCCN (DPL NO)
LC control number ENG-87832
020 ## - INTERNATIONAL STANDARD BOOK NUMBER
International Standard Book Number 0195689356
Terms of availability 695.00
035 ## - SYSTEM CONTROL NUMBER
System control number EN-71365
037 ## - SOURCE OF ACQUISITION
Source of stock number/acquisition D.B.Act / Pub
082 ## - DEWEY DECIMAL CLASSIFICATION NUMBER
Classification number 954.01
245 ## - TITLE STATEMENT
Title Between the empires
Statement of responsibility, etc edited by Patrick Olivelle
Remainder of title society in India 300 BCE to 400 CE
260 ## - PUBLICATION, DISTRIBUTION, ETC. (IMPRINT)
Place of publication, distribution, etc New Delhi
Name of publisher, distributor, etc Oxford University Press
Date of publication, distribution, etc 2007
300 ## - PHYSICAL DESCRIPTION
Extent xiv, 524 p.
Dimensions 23 cm. (Hb.)
500 ## - GENERAL NOTE
General note Includes bibliograpgical references and index
700 ## - ADDED ENTRY--PERSONAL NAME
Personal name Olivelle, Patrick
942 ## - ADDED ENTRY ELEMENTS (KOHA)
Institution code [OBSOLETE] dpl
Item type English Books
Call number prefix 954.01 / BET
Source of classification or shelving scheme Dewey Decimal Classification
Classification part 954.01
Call number suffix BET
Holdings
Withdrawn status Lost status Source of classification or shelving scheme Damaged status Not for loan Collection code Home library Current library Date acquired Cost, normal purchase price Total Checkouts Full call number Barcode Date last seen Copy number Cost, replacement price Koha item type
    Dewey Decimal Classification   Not For Loan Non-fiction D.B.Act.Division D.B.Act.Division 24/09/2008 695.00   954.01 BET EN-71365 15/09/2008 1 695.00 English Books

© Delhi Public Library
Hit Counter
free hit counter